| 000 | 00375cam a2200157ua 4500 | ||
|---|---|---|---|
| 001 | 15177 | ||
| 008 | 190403n2007 II |||gr||||Z||||||eng | ||
| 040 | _aMAIN | ||
| 041 | _aEnglish | ||
| 082 | _a660.65 JOS | ||
| 100 | _aJOSHI , PREETI . | ||
| 245 | _aGENETIC ENGINEERING : AND ITS APPLICATIONS | ||
| 260 |
_aJODHPUR _bAGROBIOS _c2007 |
||
| 300 |
_a313: _c22CM. |
||
| 942 | _cBK | ||
| 999 |
_c15062 _d15062 |
||